000 00284nam a22001337a 4500
008 170413b xxu||||| |||| 00| 0 eng d
020 _a9781570713972
041 _aeng
080 _a618
100 _a10
101 _aSHM
245 _aMALE MENAPAUSE
_cDIAMOND.J
942 _2udc
_cBK
999 _c10624
_d10624